UM Logo

Psychological, anthropological, and sociological foundations of education/ (Record no. 5047)

MARC details
000 -LEADER
fixed length control field 00693nam a22001937a 4500
008 - FIXED-LENGTH DATA ELEMENTS--GENERAL INFORMATION
fixed length control field 161007b xxu||||| |||| 00| 0 eng d
020 ## - INTERNATIONAL STANDARD BOOK NUMBER
International Standard Book Number 9717251128
082 ## - DEWEY DECIMAL CLASSIFICATION NUMBER
Edition number 2004
Classification number DFil 370.1
Item number V52
100 ## - MAIN ENTRY--PERSONAL NAME
9 (RLIN) 15778
Personal name Vega, Violeta A.
245 ## - TITLE STATEMENT
Title Psychological, anthropological, and sociological foundations of education/
Statement of responsibility, etc. Violeta A. Vega
260 ## - PUBLICATION, DISTRIBUTION, ETC. (IMPRINT)
Place of publication, distribution, etc. Makati City:
Name of publisher, distributor, etc. Grandwater Publications,
Date of publication, distribution, etc. c2004.
300 ## - PHYSICAL DESCRIPTION
Extent 135 pages;
Dimensions 25 cm.
500 ## - GENERAL NOTE
General note Includes bibliographical references.
650 #0 - SUBJECT ADDED ENTRY--TOPICAL TERM
9 (RLIN) 15779
Topical term or geographic name as entry element Education
General subdivision Psychological aspects.
650 #0 - SUBJECT ADDED ENTRY--TOPICAL TERM
9 (RLIN) 15780
Topical term or geographic name as entry element Education
General subdivision Social aspects.
650 #0 - SUBJECT ADDED ENTRY--TOPICAL TERM
9 (RLIN) 15781
Topical term or geographic name as entry element Education
General subdivision Anthropological aspects.
365 ## - TRADE PRICE
Price amount 205.00
Currency code Php.
942 ## - ADDED ENTRY ELEMENTS (KOHA)
Source of classification or shelving scheme Dewey Decimal Classification
Koha item type Filipiniana
Holdings
Withdrawn status Lost status Source of classification or shelving scheme Damaged status Not for loan Collection code Home library Current library Date acquired Source of acquisition Total Checkouts Full call number Barcode Date last seen Copy number Cost, replacement price Price effective from Koha item type
    Dewey Decimal Classification     Filipiniana UM Digos College - LIC UM Digos College - LIC 08/27/2004 Purchased   DFil 370.1 V52 2004 17550 05/15/2025 1 205.00 10/07/2016 Filipiniana
    Dewey Decimal Classification     Filipiniana UM Digos College - LIC UM Digos College - LIC 08/27/2004 Purchased   DFil 370.1 V52 2004 17551 05/15/2025 2 205.00 10/07/2016 Filipiniana
    Dewey Decimal Classification     Filipiniana UM Digos College - LIC UM Digos College - LIC 08/27/2004 Purchased   DFil 370.1 V52 2004 17552 05/15/2025 3 205.00 10/07/2016 Filipiniana